Rookie del año de la NBA - Estadísticas

Estadísticas generales
  • Esta prueba ha sido intentada 190 veces
  • La puntuación promedio es 15 de 38
Estadísticas de respuestas
Temporada Jugador % Correcto
2003/04 LeBron James
92%
1984/85 Michael Jordan
89%
2018/19 Luka Dončić
77%
1992/93 Shaquille O'Neal
74%
2020/21 LaMelo Ball
67%
2019/20 Ja Morant
65%
2007/08 Kevin Durant
65%
1997/98 Tim Duncan
61%
2008/09 Derrick Rose
60%
2011/12 Kyrie Irving
57%
2017/18 Ben Simmons
55%
1996/97 Allen Iverson
54%
2001/02 Pau Gasol
52%
2010/11 Blake Griffin
50%
2005/06 Chris Paul
48%
1989/90 David Robinson
45%
2016/17 Malcolm Brogdon
40%
2021/22 Scottie Barnes
40%
2012/13 Damian Lillard
38%
2015/16 Karl-Anthony Towns
38%
2014/15 Andrew Wiggins
37%
2013/14 Michael Carter-Williams
35%
1985/86 Patrick Ewing
33%
1998/99 Vince Carter
33%
1994/95 Grant Hill / Jason Kidd
31%
2009/10 Tyreke Evans
22%
2000/01 Mike Miller
18%
2002/03 Amar'e Stoudemire
17%
2006/07 Brandon Roy
16%
1993/94 Chris Webber
15%
1991/92 Larry Johnson
13%
1995/96 Damon Stoudamire
12%
2004/05 Emeka Okafor
12%
1999/00 Elton Brand / Steve Francis
11%
1990/91 Derrick Coleman
6%
1987/88 Mark Jackson
6%
1986/87 Chuck Person
4%
1988/89 Mitch Richmond
4%
No se encontraron pruebas coincidentes
Distribución de puntuación
Porcentaje de gente con cada puntuación
Porcentaje por número respondido
Historial de tus puntuaciones
No has intentado esta prueba.